La cuestión regional y el poder /
Guardado en:
| Autor principal: | |
|---|---|
| Formato: | Texto |
| Lenguaje: | Spanish |
| Publicado: |
Quito:
Corporación Editora Nacional
|
| Etiquetas: |
Agregar Etiqueta
Sin Etiquetas, Sea el primero en etiquetar este registro!
|
MARC
| LEADER | 00000 a a2200000 04500 | ||
|---|---|---|---|
| 001 | 22769 | ||
| 003 | cru CIDCACS/IIS | ||
| 005 | 20200925160050.0 | ||
| 008 | 170824b xxu||||| |||| 00| 0 spa d | ||
| 999 | |c 1860 |d 1860 | ||
| 020 | |a 9978-84-059-1 | ||
| 022 | |a 9978-84-059-1 | ||
| 040 | |c CRAI/IIS |a CRAI/IIS | ||
| 090 | |a 05.03.01 Q7c | ||
| 100 | |a Quintero López, Rafael | ||
| 245 | |a La cuestión regional y el poder / |c Rafael Quintero López | ||
| 260 | |a Quito: |b Corporación Editora Nacional | ||
| 300 | |a 304 páginas | ||
| 942 | |2 ddc |c LI | ||



